Piloti Vincitori dei Gran Premi di Formula 1 2021 - Statistics

Statistiche generali
  • Questo quiz è stato fatto 58 volte
  • Il punteggio medio è 21 su 22
Statistiche sulle risposte
Gran Premio Vincitore % Corretto
Gran Premio del Bahrein Lewis Hamilton
100%
Gran Premio del Portogallo Lewis Hamilton
100%
Gran Premio di Spagna Lewis Hamilton
100%
Gran Premio di Gran Bretagna Lewis Hamilton
100%
Gran Premio di Russia Lewis Hamilton
100%
Gran Premio di San Paolo Lewis Hamilton
100%
Gran Premio del Qatar Lewis Hamilton
100%
Gran Premio d'Arabia Saudita Lewis Hamilton
100%
Gran Premio dell'Emilia-Romagna Max Verstappen
100%
Gran Premio di Monaco Max Verstappen
100%
Gran Premio di Francia Max Verstappen
100%
Gran Premio di Stiria Max Verstappen
100%
Gran Premio d'Austria Max Verstappen
100%
Gran Premio del Belgio Max Verstappen
100%
Gran Premio d'Olanda Max Verstappen
100%
Gran Premio degli Stati Uniti Max Verstappen
100%
Gran Premio di Città del Messico Max Verstappen
100%
Gran Premio di Abu Dhabi Max Verstappen
100%
Gran Premio di Turchia Valtteri Bottas
95%
Gran Premio d'Azerbaigian Sergio Pérez
93%
Gran Premio d'Italia Daniel Ricciardo
86%
Gran Premio d'Ungheria Esteban Ocon
68%
Nessun quiz corrispondente trovato
Distribuzione punteggi
Percentuale di utenti per punteggio
Percentile per numero di risposta
I tuoi punteggi nel tempo
Non hai fatto questo quiz